Модели принятия решений: учебное пособие для вузов

Bibliographic Details
Main Author: Мендель А. В. Анна Владимировна
Summary:Содержатся практические рекомендации построения математических моделей процессов принятия решений, оценки ожидаемых результатов, выбора оптимальной альтернативы, моделирования процесса разработки управленческого решения навыками поиска, обоснования и выбора оптимальных вариантов решений в различных ситуациях, связанных с профилем деятельности. Рассматриваются основные модели и технологии процесса разработки, принятия и реализации организационных решений. Для студентов вузов, обучающихся по экономическим специальностям.
Language:Russian
Published: Москва, ЮНИТИ, 2010
Subjects:
Format: Book
KOHA link:https://koha.lib.tpu.ru/cgi-bin/koha/opac-detail.pl?biblionumber=184980

MARC

LEADER 00000nam0a2200000 4500
001 184980
005 20231101223902.0
010 |a 9785238018942 
035 |a (RuTPU)RU\TPU\book\200616 
090 |a 184980 
100 |a 20100928d2010 m y0rusy50 ca 
101 0 |a rus 
102 |a RU 
105 |a a j 001zy 
200 1 |a Модели принятия решений  |e учебное пособие для вузов  |f А. В. Мендель 
210 |a Москва  |c ЮНИТИ  |d 2010 
215 |a 463 с.  |c ил. 
320 |a Библиография в примечаниях. 
330 |a Содержатся практические рекомендации построения математических моделей процессов принятия решений, оценки ожидаемых результатов, выбора оптимальной альтернативы, моделирования процесса разработки управленческого решения навыками поиска, обоснования и выбора оптимальных вариантов решений в различных ситуациях, связанных с профилем деятельности. Рассматриваются основные модели и технологии процесса разработки, принятия и реализации организационных решений. Для студентов вузов, обучающихся по экономическим специальностям. 
606 1 |a Принятие решений  |x Теория  |2 stltpush  |3 (RuTPU)RU\TPU\subj\51694  |9 70264 
610 1 |a управленческие решения 
610 1 |a математические модели 
610 1 |a измерения 
610 1 |a целеполагание 
610 1 |a экономическое прогнозирование 
610 1 |a коллективные решения 
610 1 |a групповые предпочтения 
610 1 |a экономические риски 
610 1 |a игровые модели 
610 1 |a учебные пособия 
686 |a У9(2)212.8я73  |v LBC/SL-A  |2 rubbk 
700 1 |a Мендель  |b А. В.  |g Анна Владимировна 
801 1 |a RU  |b 63413507  |c 20100928 
801 2 |a RU  |b 63413507  |c 20150825  |g RCR 
942 |c BK 
959 |a 64/20100927  |d 2  |e 400,00  |f АНЛ:1  |f ЧЗГЛ:1 
959 |a 50/20120402  |d 10  |e 0,00  |f Ф_ТПУ_Новокузнецк:10